تحميل...

Information search patern in electronic environment /

التفاصيل البيبلوغرافية
المؤلف الرئيسي: Bavakutty, M.
مؤلفون آخرون: Rekha Rani Varghese
التنسيق: Printed Book
اللغة:English
منشور في: New Delhi: Ess Ess Publications, 2007.
الموضوعات:
LEADER 00848nam a2200169Ia 4500
008 121027s9999 xx 000 0 eng d
020 |a 8170005124 
082 |b BAV/I 
100 |a Bavakutty, M. 
245 |a Information search patern in electronic environment / 
260 |a New Delhi:  |b Ess Ess Publications,  |c 2007. 
300 |a 356 p. 
505 |a 1) Introduction 2) Information Search Tools 3) Online Search 4) Conclusion 5) Electronic Information Environment 6) Developments in Computer Technology 7) Developments in Communication Technology 8) Intranet and Extranet 9) Mibile Technologies 10) Elect 
653 |a Information seeking behaviour 
700 |a Rekha Rani Varghese 
999 |c 56624  |d 56624 
952 |0 0  |1 0  |4 0  |6 025_000000000000000_04_BAV_I  |7 0  |9 56602  |a UL  |b UL  |c ST1  |d 2012-10-27  |l 2  |m 2  |o 025.04, BAV/I  |p 81875  |r 2013-05-18  |s 2013-04-12  |w 2012-10-27  |y BK